000 00931nam a22002657a 4500
001 BR7302369
003 BR-BrBNA
005 20230928083924.0
007 ta
008 230509b bl.||||| |||| 00| 0 por d
040 _aBR-BrBNA
_bpor
_cBiblioteca Nacional de Agricultura
041 _a(Por)
072 _aE10; E30
_b0430
_b0300
_b/G514
090 _ 0430 BR7302369
110 1 _aInstituto Nordestino para o Fomento de Algodao e Oleaginosas, Recife, PE (Brasil)
_96547
245 1 _aINFAOL, sua programacao e resultados, divulgacao dirigida a entidades publicas e privadas [Instituto Nordestino para o Fomento de Algodao e Oleaginosas; Brasil; ensaios de campo, assistencia tecnica]
260 3 _aRecife, PE (Brasil):
_c1974.
300 _a163 p.
500 _a5 tables
650 _aDESENVOLVIMENTO AGRICOLA
650 _aALGODAO
650 _aPLANTA OLEAGINOSA
909 _a202309
_bLucia
_c55
_dLucia Elande
942 _cBK
999 _c15848
_d15848